USA 200 most popular A names for baby girls 2016 - Statistics

General Stats
  • This quiz has been taken 4,376 times
  • The average score is 79 of 200
Answer Stats
NAME % Correct
Ann
96%
Anne
96%
Ana
94%
Anna
94%
Ava
89%
Avah
89%
Ari
86%
Aimee
85%
Amy
85%
Abigail
83%
Aria
82%
Ariah
82%
Ariya
82%
Ariyah
82%
Arya
82%
Alison
81%
Allison
81%
Allyson
81%
Alyson
81%
Amelia
81%
Alexa
79%
Alice
79%
Annie
76%
Ashley
75%
Alexandra
73%
Alicia
72%
Alisha
72%
Anabelle
72%
Annabel
72%
Annabelle
72%
Ariana
72%
Arianna
72%
Aryana
72%
Aryanna
72%
Angel
71%
Ada
70%
Amanda
70%
Aaliyah
69%
Aleah
69%
Alia
69%
Aliya
69%
Aliyah
69%
Averi
69%
Averie
69%
Avery
69%
Allie
67%
Ally
67%
Andrea
67%
Audrey
67%
Abby
65%
Addison
65%
Addisyn
65%
Addyson
65%
Alexis
65%
Amber
62%
Angela
62%
Aubree
62%
Aubrey
62%
Aubri
62%
Aubrie
62%
Alyssa
60%
Adriana
59%
Adrianna
59%
Alana
59%
Alanna
59%
Alannah
59%
Angelina
56%
Aleena
55%
Alena
55%
Alisson
54%
Ariel
54%
Arielle
54%
April
53%
Aurora
51%
Anabella
50%
Angelica
50%
Adele
49%
Alexandria
49%
Alina
47%
Adaline
46%
Adelaide
45%
Amelie
45%
Athena
44%
Agnes
43%
Annabella
43%
Arabella
43%
Adeline
42%
Alexia
42%
Autumn
42%
Aislinn
38%
Ashlyn
38%
Ashlynn
38%
Anastasia
37%
Ayla
36%
Anya
35%
Ariella
35%
Amara
34%
Amina
34%
Aminah
34%
Amira
33%
Amirah
33%
Adrienne
32%
Aisha
32%
Alma
32%
Angie
32%
Amaya
31%
Andi
30%
Antonia
29%
Adalyn
28%
Addalyn
28%
Addilynn
28%
Adelyn
28%
Adelynn
28%
Asia
28%
Adalynn
27%
Addilyn
27%
Adilynn
27%
Astrid
27%
Aya
27%
Aileen
26%
Ayleen
26%
Ainsley
24%
Amalia
24%
Alaina
23%
Alayna
23%
Amari
23%
Anika
23%
Annika
23%
Aspen
23%
Alisa
22%
Annalise
22%
Aurelia
22%
Alessandra
21%
Amia
21%
Amiya
21%
Amiyah
21%
Amya
21%
Angelique
20%
America
19%
Azalea
19%
Aliana
18%
Alianna
18%
Alivia
18%
Alyvia
18%
Angeline
18%
Adelina
17%
Alejandra
17%
Alessia
17%
Anaya
16%
Amayah
15%
Alondra
14%
Alora
14%
Aviana
14%
Avianna
14%
Alaia
13%
Alani
13%
Alaya
13%
Alayah
13%
Aniya
13%
Aniyah
13%
Amora
12%
Aiyana
10%
Aiyanna
10%
Audrina
10%
Avalyn
10%
Avalynn
10%
Ayana
10%
Ayanna
10%
Aylin
10%
Aliza
9%
Arden
9%
Ariadne
9%
Amani
7%
Armani
7%
Azaria
7%
Azariah
7%
Akira
6%
Antonella
6%
Audriana
6%
Annalee
5%
Aubrielle
5%
Abrielle
4%
Abril
4%
Aitana
4%
Ansley
4%
Aubriella
4%
Adley
3%
Amaris
3%
Analia
3%
Arlette
3%
Aubrianna
3%
Austyn
3%
Ailani
2%
Anahi
2%
Anniston
2%
Alaysia
1%
Arely
1%
Arleth
1%
Aadhya
0%
Aranza
0%
No matching quizzes found
Score Distribution
Percent of People with Each Score
Percentile by Number Answered
Your Score History
You have not taken this quiz